000 00663nam a2200253Ia 4500
003 OSt
005 20221007100901.0
006 a|||||r|||| 00| 0
007 ta
008 221006b |||||||| |||| 00| 0 eng d
024 _a5,364
037 _cTextual
040 _aLCO
_cLCO
_beng
041 _2eng
_aeng
082 _aV2:2:(Z), K6.4
100 _aSHIVA RAO B
_9342578
245 0 _aFraming of India's constitution
260 _aNew
_bDelhi Indian ..........
_c1967
300 _a960
490 _vVol - 4
650 _aCONSTITUTION
942 _hV2:2:(Z), K6.4
_cTEXL
999 _c1174927
_d1174927